Online
Catalog
Normal view MARC view

Entry Nombre de reunión

Number of records used in: 1

001 - NÚMERO DE CONTROL

  • campo de control: 33238

003 - IDENTIFICADOR DEL NÚMERO DE CONTROL

  • campo de control: OSt

005 - FECHA Y HORA DE LA ÚLTIMA TRANSACCIÓN

  • campo de control: 20200615033400.0

008 - DATOS DE LONGITUD FIJA

  • campo de control de longitud fija: 200615|| aca||aabn | a|a d

040 ## - FUENTE DE LA CATALOGACIÓN

  • Centro catalogador/agencia de origen: OSt
  • Centro/agencia transcriptor: OSt

111 ## - ENCABEZAMIENTO--NOMBRE DE CONGRESO/REUNIÓN

  • Nombre de congreso/reunión o jurisdicción como elemento de entrada: Congreso de Aragon de Etnología y Antropología
  • Número del congreso/reunión o número de parte o sección: (1er. :
  • Fecha del congreso/reunión: 1979 :
  • Sede del congreso/Lugar de la reunión: Tarazona de Aragon, Spain, etc.)

670 ## - FUENTE DE DATOS ENCONTRADOS

  • Cita de la fuente: Work cat.: (OSt)14257: Congreso de Aragon de Etnología y Antropología (1er. : 1979 : Tarazona de Aragon, Spain, etc.), I Congreso de Aragon de Etnologia y Antropologia :, [1981?].

Powered by Koha